000 01000nam a2200253 i 4500
001 C00039286c
005 20241029145145.0
008 000531s1998 sp a spa d
020 _a84-7820-406-7
080 _a929 Goya, Francisco de
080 _a726.54(460.224 Calatayud) S.Juan el Real
100 1 _aRubio Martínez, Mariano.
_95040
245 1 0 _aGoya en sus veinte años
_b: Consideraciones en torno a las pechinas de Calatayud /
_cMariano Rubio Martínez.
260 _aCalatayud :
_bCentro de estudios Bilbilitanos de la Institución "Fernando el Católico",
_c1998.
300 _a39 p., [6] p. de lám. :
_bil. ;
_c30 cm.
500 _aBibliografía.
600 1 4 _aGoya, Francisco de (
_d1746-1828)-
_vBiografías.
_987786
610 2 0 _aIglesia de San Juan el Real de Calatayud (
_cZaragoza, España)
_926071
651 4 _aCalatayud (Zaragoza, España)
_95086
710 2 _aInstitución "Fernando el Católico"
_95055
852 4 2 _jF-10498
999 _c38403
_d38403